000 00364nam a22001217a 4500
008 230703b xxu||||| |||| 00| 0 eng d
082 _a342 16
_bIPU 1994
245 _aConstitutional and Parliamentary Information
_bAssociation of Secretaries General of Parliaments
260 _bInter-Parliamentary Union
_c1994
300 _a241p
440 _n168
942 _2ddc
_cBK
999 _c3305
_d3305